000 00455nam a2200145Ia 4500
008 100122s9999 xx 000 0 und d
082 _b62241
_a823
100 _aमलोसे राजेंद्र
245 _aगाथा सप्तपदी
260 _bदेशमुख आणि कंपनी
_c2002
300 _a444
630 _aगाथा सप्तपदी
730 _aगाथा सप्तपदी
942 _cBOOK
999 _c436630
_d436627